El desarrollo político institucional de América Latina /
Na minha lista:
| Autor principal: | |
|---|---|
| Formato: | Texto |
| Tags: |
Adicionar Tag
Sem tags, seja o primeiro a adicionar uma tag!
|
MARC
| LEADER | 00000 a a2200000 04500 | ||
|---|---|---|---|
| 001 | 48122 | ||
| 003 | |||
| 040 | |||
| 100 | |a Calderón Hinojosa, Felipe | ||
| 245 | |a El desarrollo político institucional de América Latina / |c Felipe Calderón Hinojosa | ||
| 773 | |g número46, (abril-setiembre, 1997), páginas 55-59 | ||
| 999 | |c 21977 |d 21977 | ||
